The shape of things to come : (Record no. 185914)
[ view plain ]
| 000 -LEADER | |
|---|---|
| fixed length control field | 00870 a2200193 4500 |
| 003 - CONTROL NUMBER IDENTIFIER | |
| control field | NUST |
| 005 - DATE AND TIME OF LATEST TRANSACTION | |
| control field | 20230125171301.0 |
| 010 ## - LIBRARY OF CONGRESS CONTROL NUMBER | |
| LC control number | 33029938 |
| 040 ## - CATALOGING SOURCE | |
| Transcribing agency | Nust |
| 082 ## - DEWEY DECIMAL CLASSIFICATION NUMBER | |
| Classification number | 823,WEL |
| 100 ## - MAIN ENTRY--PERSONAL NAME | |
| Personal name | Wells, Herbert George, |
| 9 (RLIN) | 107680 |
| 245 ## - TITLE STATEMENT | |
| Title | The shape of things to come : |
| Remainder of title | the ultimate revolution / |
| Statement of responsibility, etc. | H. G. Wells, |
| 260 ## - PUBLICATION, DISTRIBUTION, ETC. | |
| Place of publication, distribution, etc. | Hutchinson & co. ltd |
| Name of publisher, distributor, etc. | London |
| Date of publication, distribution, etc. | 1933 |
| 300 ## - PHYSICAL DESCRIPTION | |
| Extent | ix p., 1 l., 13-431, [1] p.; |
| Other physical details | 23 cm |
| 505 ## - FORMATTED CONTENTS NOTE | |
| Formatted contents note | Introduction(Page-1),Today And Tomorrow: The Age Of Frustration Dawns (Page-25), The Day After: Tomorrow: The Age Of Frustration(Page-97), The World Renascence: The Birth Of The Modern State(Page-195),The Modern State Militant (Page-259), The Modern State In Control Of Life(Page-297). |
| 600 ## - SUBJECT ADDED ENTRY--PERSONAL NAME | |
| Personal name | Wells, Herbert George, |
| 9 (RLIN) | 107680 |
| 650 ## - SUBJECT ADDED ENTRY--TOPICAL TERM | |
| Topical term or geographic name entry element | The shape of things to come, the ultimate revolution |
| 9 (RLIN) | 107681 |
| 942 ## - ADDED ENTRY ELEMENTS (KOHA) | |
| Source of classification or shelving scheme | |
| Koha item type | Book |
| Call number prefix | 823,WEL |
| Withdrawn status | Lost status | Source of classification or shelving scheme | Damaged status | Not for loan | Permanent Location | Current Location | Shelving location | Date acquired | Full call number | Barcode | Date last seen | Price effective from | Koha item type | Public note |
|---|---|---|---|---|---|---|---|---|---|---|---|---|---|---|
| Military College of Signals (MCS) | Military College of Signals (MCS) | General Stacks | 12/12/2016 | 823,WEL | MCS30130 | 12/08/2016 | 12/12/2016 | Book | Almirah No.57, Shelf No.6 |
